000 00295nam a22001217a 4500
008 181221b xxu||||| |||| 00| 0 eng d
041 _aeng
080 _a330.322
100 _a51
101 _aINV
245 _aStarting and Running a Profitable Investment Club
_cO'Hara,Th.E
942 _2udc
_cBK
999 _c53662
_d53662